<?xml version="1.0" encoding="UTF-8"?>
<record
    xmlns:xsi="http://www.w3.org/2001/XMLSchema-instance"
    xsi:schemaLocation="http://www.loc.gov/MARC21/slim http://www.loc.gov/standards/marcxml/schema/MARC21slim.xsd"
    xmlns="http://www.loc.gov/MARC21/slim">

  <leader>02399nam a22002177a 4500</leader>
  <controlfield tag="005">20241128151656.0</controlfield>
  <controlfield tag="008">241128b           ||||| |||| 00| 0 eng d</controlfield>
  <datafield tag="020" ind1=" " ind2=" ">
    <subfield code="a">9789364375191</subfield>
  </datafield>
  <datafield tag="040" ind1=" " ind2=" ">
    <subfield code="c">AL</subfield>
  </datafield>
  <datafield tag="041" ind1=" " ind2=" ">
    <subfield code="a">eng</subfield>
  </datafield>
  <datafield tag="082" ind1=" " ind2=" ">
    <subfield code="2">23</subfield>
    <subfield code="a">370.02</subfield>
    <subfield code="b">SULN</subfield>
  </datafield>
  <datafield tag="100" ind1=" " ind2=" ">
    <subfield code="a">Farah Sultan</subfield>
    <subfield code="9">187090</subfield>
  </datafield>
  <datafield tag="245" ind1=" " ind2=" ">
    <subfield code="a">NTA UGC NET/JRF/SET teaching and research aptitude general paper 1</subfield>
  </datafield>
  <datafield tag="260" ind1=" " ind2=" ">
    <subfield code="a">New Delhi</subfield>
    <subfield code="b">Arihant Publications</subfield>
    <subfield code="c">2024</subfield>
  </datafield>
  <datafield tag="300" ind1=" " ind2=" ">
    <subfield code="a">693p.</subfield>
    <subfield code="b">PB</subfield>
    <subfield code="c">24x17cm.</subfield>
  </datafield>
  <datafield tag="365" ind1=" " ind2=" ">
    <subfield code="2">General</subfield>
    <subfield code="a">5230</subfield>
    <subfield code="b">&#x20B9;460.00</subfield>
    <subfield code="c">&#x20B9;</subfield>
    <subfield code="d">&#x20B9;575.00</subfield>
    <subfield code="e">20%</subfield>
    <subfield code="f">25/11/2024</subfield>
  </datafield>
  <datafield tag="520" ind1=" " ind2=" ">
    <subfield code="a">The UGC NET is a test to determine the eligibility of candidates opting for the post of Assistant Professor only or Junior Research Fellowship and Assistant Professor both in Indian Universities and Colleges. To meet the needs of NET, SET, and JRF applicants, this book has been revamped and updated as per the latest pattern and with a perfect blend of theory and practice questions.Who will benefit?Candidates preparing for NET;Candidates opting for Assistant Professor or Junior Research Fellowship or both;ndidates preparing for General Paper-1;BOOK STRUCTURE;Solved Papers (2024-2019);10 Units;5 Practice Sets;BOOK FEATURES;Easy to understand language supported with Examples, Flowcharts, Figures, Diagrams, Latest Facts, etc.Chapter/Unitwise 3000+ MCQs for complete practice;Chapter/Unitwise Previous Year Questions (2014-2019);5 Practice Sets on the Latest Examination Pattern with Online Practice;2024-2019 Solved Papers with Detailed Explanations;WHY THIS BOOK?;&#x201C;NTA UGC Teaching and Research Aptitude General Paper-I&#x201D; has been written for those candidates who want to qualify the Paper 1 of the UGC NET examination
Designed according to the latest syllabus and the latest pattern of the UGC, which is applicable from the June 2019 examination
Provides exhaustive, crisp text resource, and an enormous question bank with answers;TABLE OF CONTENTS:Solved Papers (2024-2019), Unit 1- Teaching Aptitude, Unit 2- Research Aptitude, Unit 3- Comprehension, Unit 4- Comprehension, Unit 5- Mathematical Reasoning and Aptitude, Unit 6- Logical Reasoning, Unit 7- Data Interpretation, Unit 8- Information and Communication Technology, Unit 9- People, Development and Environment, Unit 10- Higher Education System, Practice Sets (1-5)

</subfield>
  </datafield>
  <datafield tag="650" ind1=" " ind2=" ">
    <subfield code="2">Education</subfield>
    <subfield code="a">Education</subfield>
    <subfield code="9">187091</subfield>
  </datafield>
  <datafield tag="700" ind1=" " ind2=" ">
    <subfield code="a">Sharma, Mridula;et al</subfield>
    <subfield code="9">187092</subfield>
  </datafield>
  <datafield tag="942" ind1=" " ind2=" ">
    <subfield code="2">ddc</subfield>
    <subfield code="c">BK</subfield>
  </datafield>
  <datafield tag="999" ind1=" " ind2=" ">
    <subfield code="c">232027</subfield>
    <subfield code="d">232027</subfield>
  </datafield>
  <datafield tag="952" ind1=" " ind2=" ">
    <subfield code="0">0</subfield>
    <subfield code="1">0</subfield>
    <subfield code="2">ddc</subfield>
    <subfield code="4">0</subfield>
    <subfield code="7">0</subfield>
    <subfield code="8">GEN</subfield>
    <subfield code="a">SACPG</subfield>
    <subfield code="b">SACPG</subfield>
    <subfield code="d">2024-11-27</subfield>
    <subfield code="e">Biblios Book Point</subfield>
    <subfield code="g">460.00</subfield>
    <subfield code="l">6</subfield>
    <subfield code="o">370.02 SULN</subfield>
    <subfield code="p">PG024779</subfield>
    <subfield code="r">2026-05-06 10:03:27</subfield>
    <subfield code="s">2026-04-21</subfield>
    <subfield code="v">575.00</subfield>
    <subfield code="w">2024-11-28</subfield>
    <subfield code="y">BK</subfield>
  </datafield>
</record>
